| 000 | 01258nam a22003137a 4500 | ||
|---|---|---|---|
| 999 |
_c3753 _d3753 |
||
| 003 | AR-CdUCM | ||
| 008 | 190307b ||||| |||| 00| 0 spa d | ||
| 020 | _a9786124048135 | ||
| 040 |
_aMUNICIPALIDAD PROVINCIAL DEL CUSCO _cBIBLIOTECA MUNICIPAL DEL CUSCO |
||
| 082 |
_a345.5 / _bB516 |
||
| 100 |
_aBermudez Tapia, Manuel (coordinador) _912132 |
||
| 245 |
_aEl caso Fujimori : _banálisis y comentarios / |
||
| 260 |
_aLima : _bECB, _c2009. |
||
| 300 |
_a348 páginas ; _c24 cm. |
||
| 440 |
_aRAE jurisprudencia _912133 |
||
| 505 | _aArmonización de la garantía de seguridad jurídica y el derecho de acceso a la justicia en relación con la imprescriptibilidad de delitos de lesa humanidad -- Enseñando la amnistía, el retorno de la justicia penal en el escenario de los procesos de justicia tradicional... | ||
| 650 |
_aDelitos. _912134 |
||
| 650 |
_aLesa humanidad. _912135 |
||
| 650 |
_aFijimori. _912136 |
||
| 650 |
_aDerechos humanos. _93264 |
||
| 650 |
_ajusticia. _912137 |
||
| 700 |
_aBustamante Alarcon, Reynaldo _912138 |
||
| 700 |
_aCaceres Neyra, Jorge _912139 |
||
| 700 |
_aRamon, Marlene _912140 |
||
| 700 |
_aLaplante, Lisa _912141 |
||
| 700 |
_aEspinoza Ramos, Benji _912142 |
||
| 942 |
_2ddc _cLIBROS |
||
| 945 |
_awfj _d2019-03-07 |
||